| 000 | 01219cam a2200337 i 4500 | ||
|---|---|---|---|
| 001 | 42716 | ||
| 003 | Mx-PuUPA | ||
| 005 | 20251014095738.0 | ||
| 008 | 140415s2010 mx gr 000 0 spa d | ||
| 020 | _a9786074299915 | ||
| 040 |
_aMx-PuUPA _bspa _cMx-PuUPA _dMx-PuUPA _erda |
||
| 041 | 0 | _aspa | |
| 100 | 1 |
_aReveles, José, _d1944- _eautor _916644 |
|
| 245 | 1 | 3 |
_aEl cártel incómodo : _bel fin de los Beltrán Leyva y la hegemonía del Chapo Guzmán / _cJosé Reveles |
| 250 |
_aPrimera edición / _babril |
||
| 264 | 1 |
_aMéxico, D. F. : _bRandom House Mondadori, _c©2010 |
|
| 300 |
_a265 páginas ; _c23 cm |
||
| 336 |
_2rdacontent _atexto _btxt |
||
| 337 |
_2rdamedia _asin medio _bn |
||
| 338 |
_2rdacarrier _avolumen _bnc |
||
| 490 | 0 | _aGrijalbo Actualidad | |
| 650 | 7 |
_913986 _2armarc _aCrímen organizado _zMéxico |
|
| 650 | 7 |
_2armarc _aNarcotráfico _zMéxico |
|
| 650 | 7 |
_2armarc _aTráfico de drogas _zMéxico |
|
| 650 | 7 |
_2armarc _aControl de drogas y narcóticos _zMéxico |
|
| 942 |
_2ddc _cLI _h364.1060972 _iR44 |
||
| 999 |
_c42716 _d42716 |
||